Statistics for Guess the Band by its Members

Click here to take the quiz!

General Stats

  • This quiz has been taken 146 times
    (35 since last reset)
  • The average score is 14 of 26

Answer Stats

Musician Band % Correct
Freddie MercuryQueen
97%
Kurt CobainNirvana
88%
Fergie, Will.i.amThe Black Eyed Peas
88%
Jon Bon JoviBon Jovi
85%
Mick JaggerThe Rolling Stones
85%
John LennonThe Beatles
85%
Victoria Beckham (née Adams)Spice Girls
79%
Adam LevineMaroon 5
79%
Chris MartinColdplay
76%
Ozzy OsbourneBlack Sabbath
74%
Bono VoxU2
68%
Liam PayneOne Direction
62%
Dave Grohl, Pat SmearFoo Fighters
62%
Debbie Harry, Chris SteinBlondie
53%
Chad KroegerNickelback
50%
Nicole ScherzingerThe Pussycat Dolls
50%
Björn UlvaeusABBA
44%
Amy LeeEvanescence
41%
Perrie EdwardsLittle Mix
38%
RedfooLMFAO
29%
Ryan TedderOneRepublic
26%
Danny O'DonoghueThe Script
18%
Marie FredrikssonRoxette
15%
Yulia Volkovat.A.T.u.
9%
Tuomas HolopainenNightwish
9%
Ally Brooke HernandezFifth Harmony
9%

Score Distribution

Percentile by Number Answered

Percent of People with Each Score

Your Score History

You have not taken this quiz since the last reset